|
|
|
|
| LEADER |
00000cam a2200000 7i4500 |
| 001 |
0000000199 |
| 005 |
20000718.0 |
| 020 |
0 |
0 |
|a 9839681028
|
| 090 |
0 |
0 |
|a 333.720913
|b INT 1992
|
| 110 |
1 |
0 |
|a International Conference on Conservation of Tropical Biodiversity
|k 1990
|j Kuala Lumpur
|
| 245 |
0 |
0 |
|a In harmony with nature :
|b Proceedings of the International Conference on Conservation of Tropical Biodiversity
|c editors Yap Son Kheong, Lee Su Win
|
| 260 |
0 |
0 |
|a Kuala Lumpur :
|b Malayan Nature Society ,
|c 1992
|
| 300 |
|
|
|a iii, 656 p. :
|b ill., maps ;
|c 25 cm.
|
| 500 |
0 |
0 |
|a Organised by: Malayan Nature Society in Commemoration of its Golden Jubilee
|a Includes bibliographies
|
| 650 |
0 |
0 |
|a Biological diversity conservation
|z Tropics
|x Congresses
|
| 650 |
0 |
0 |
|a Biological diversity
|z Tropics
|x Congresses
|
| 650 |
0 |
0 |
|a Birds
|z Asia, Southeastern
|
| 650 |
0 |
0 |
|a Conservation of natural resources
|x Tropics
|x Congresses
|
| 650 |
0 |
0 |
|a Forest conservation
|x TropicslxCongresses
|
| 650 |
0 |
0 |
|a Forest ecology
|z Tropics
|x Congresses
|
| 700 |
0 |
1 |
|a Lee
|h Su Win
|
| 700 |
0 |
1 |
|a YAP
|h Son Kheong
|
| 710 |
1 |
1 |
|a Persatuan Pencinta Alam
|
| 999 |
|
|
|a 0000001366
|b Monograph
|c Open Shelf
|e Default branch
|
| 999 |
|
|
|a 0000003946
|b Monograph
|c Open Shelf
|e Default branch
|